| 000 | 01041cam a2200241 4500 | ||
|---|---|---|---|
| 001 | ABS62498 | ||
| 008 | 000000n2000 000 0 eng u | ||
| 035 | _a(Sirsi) u106405 | ||
| 100 | _aLupton, M. | ||
| 245 | _aEnterprising solutions | ||
| 260 | _c2000 | ||
| 490 |
_aHousing Today _v (185) 25 May 2000, 16-17(2) |
||
| 520 | _aDiscusses the finding of a new report by the Chartered Institute of Housing that low demand means some housing associations are at financial risk. Suggests measures the government and regulator could take to provide more support to housing associations. "Sustaining success - RSLs, financial risk and low demand" - available from CIH, priced £20 plus £1.50p&p. Tel: 02476 851752. | ||
| 590 | _aABS | ||
| 650 | _aHOUSING ASSOCIATIONS | ||
| 650 | _aSUSTAINING SUCCESS - RSLS, FINANCIAL RISK AND LOW DEMAND | ||
| 650 | _aREGISTERED SOCIAL LANDLORDS | ||
| 650 | _aHOUSING ASSOCIATION RENTS | ||
| 650 | _aHOUSING GREEN PAPER | ||
| 650 | _aRSLS | ||
| 690 |
_aAffordable housing _96215 |
||
| 942 | _n0 | ||
| 999 |
_c63733 _d63733 |
||